Statistiques concernant Les buteurs du PSG en Ligue des Champions (depuis 2010)

Cliquez ici pour prendre le quiz!

Statistiques générales

  • Ce quiz a été pris 8 880 fois
  • Le résultat moyen est 19 sur 30

Statistiques - réponses

JoueursButs% Correct
Kylian Mbappe15
100%
Edinson Cavani30
99%
Neymar20
98%
Zlatan Ibrahimovic20
98%
Marco Verratti3
90%
Marquinhos7
89%
Thiago Silva3
88%
Angel Di Maria14
87%
Blaise Matuidi6
74%
Layvin Kurzawa3
73%
Javier Pastore4
72%
Thiago Motta2
72%
Ezequiel Lavezzi7
69%
Presnel Kimpembe1
68%
David Luiz3
64%
Lucas Moura3
63%
Juan Bernat5
60%
Julian Draxler1
56%
Mauro Icardi5
54%
Adrien Rabiot4
53%
Thomas Meunier3
45%
Eric Maxim Choupo Moting1
40%
Alex2
38%
Daniel Alves2
37%
Moise Kean2
33%
Jérémy Menez2
32%
Pablo Sarabia2
32%
Serge Aurier1
32%
Guillaume Hoarau1
30%
Yohan Cabaye1
28%

Distribution des résultats

Percentile par nombre de réponses

% des personnes avec chaque résultat

Votre développement - résultats

Vous n’avez pas pris ce quiz